000 00549nam a22001817a 4500
999 _c18248
_d18248
003 AR-CdUCM
008 190513b ||||| |||| 00| 0 spa d
040 _aMUNICIPALIDAD PROVINCIAL DEL CUSCO
_cBIBLIOTECA MUNICIPAL DEL CUSCO
082 _a869.56 /
_bP82
100 _aPuga de Losada, Amalia.
_938722
245 _aLos Barzúas :
_bNovela /
260 _aLima :
_bImprenta Santa María,
_c1952.
300 _a323 páginas ;
_c20 cm.
505 _aContenido : Novela ...
650 _aNovela.
_95
942 _2ddc
_cLIBROS
945 _arum
_d2019-05-13